| 000 | 01268nam a2200277 4500 | ||
|---|---|---|---|
| 001 | 0000015051 | ||
| 003 | CO-CtgCURN | ||
| 005 | 20250331184355.0 | ||
| 007 | ta | ||
| 008 | 160627s2007 000 0 eng d | ||
| 040 |
_aCO-CtgCURN _bspa _ccoctgcurn |
||
| 082 | 0 |
_a304.28 _bP693 |
|
| 110 | 2 | _aEl Espectador. | |
| 245 | 1 | 0 |
_aPlaneta en peligro : _bcomo vivir en un planeta que el hombre ha cambiado. |
| 260 |
_aMontreal : _bQA International, _c2007. |
||
| 300 | _a288 p. | ||
| 336 | _2rdacontent | ||
| 337 |
_2rdamedia _asin mediacion _bn |
||
| 338 |
_2rdacarrier _avolumen _bnc |
||
| 505 | 8 | _aEl ABC del clima.--Cuando el tiempo se vuelve loco.--Un planeta bajo muchas influecias.--Pronosticos para bien o para mal.--El clima en Colombia.--La historia de la tierra.--El interior de la tierra.--Paisajes que quitan el aliento.--La Furia de la tierra.--El medio ambiente.--Ecosistemas colombianos.--Retrato de los oceanos.--En el fondo del oceano.--Un oceano de cambios.--Un oceano de vida.--A la conquista del oceano.--El agua dulce | |
| 650 | 1 | 4 |
_aMedio ambiente _vaspectos sociales. |
| 700 | 1 | _aCano Correa, Fidel (Dir) | |
| 908 | _a160627 | ||
| 942 |
_cBK _h304.28 _iP693 _2ddc |
||
| 999 |
_c17709 _d17709 |
||